Megacities: from hazards to disasters

Guardat en:
Dades bibliogràfiques
Format: Text
Publicat: s.l: s.e.
Etiquetes: Afegir etiqueta
Sense etiquetes, Sigues el primer a etiquetar aquest registre!

MARC

LEADER 00000 a a2200000 04500
001 23566
003
040
090 |a 164800  
245 |a Megacities: from hazards to disasters  
260 |a s.l:   |b s.e.  
300 |a pp. 17-170  
999 |c 7468  |d 7468